000 00576nam a22002057a 4500
003 koha_MIRAKIL
005 20231213100211.0
008 231213b |||||||| |||| 00| 0 ||| d
020 _b978-9-75211176-9
040 _aTR-IsEVY
_btur
_cTR-IsEVY
082 _aFIC GÖÇ/C
100 _aGöçmen, Dursun Ege.
245 0 _aCanı sıkılan çocuk Ege'de
250 _a5. bs.
260 _bAltın Kitaplar Yayınevi,
_c2014
300 _a104 s.
650 _aChildren's literature -- Fiction, Turkish.
650 _aÇocuk edebiyatı -- Roman, Türk.
942 _2ddc
_cBK
999 _c16152
_d16152